000 01004nam a2200217 a 4500
001 83153
003 BD-RjUL
005 20240225125746.0
008 240225s2015 ii ||||| |||| 00| 0 ben d
035 _a(BD-RjUL)83153
040 _aBD-RjUL
_beng
_cBD-RjUL
041 _aben
082 _223
_a891.4409
_bBHB 2015
100 _aভট্টাচার্য, অমিত্রসূদন
_911901
245 _aবঙ্গদর্শন পত্রিকা বা বঙ্কিমচন্দ্র /
_cঅমিত্রসূদন ভট্টাচার্য
260 _aকলকাতা :
_bমিত্র ও ঘোষ পাবলিশার্স প্রাঃ লিঃ,
_c২০১৫
300 _a২২৮ পৃ.;
_c২২ সেমি.
650 _aবাংলা সাহিত্য
_xইতিহাস ও সমালোচনা
_yউনিশ শতক
_911902
650 _aBengali literature
_xHistory and criticism
_y19th century
_911903
942 _2ddc
_cBK
999 _c83153
_d83153